Normal view MARC view
  • OK A Dr. Milind M

Entry Personal Name

Number of records used in: 1

001 - CONTROL NUMBER

  • control field: 2769

003 - CONTROL NUMBER IDENTIFIER

  • control field: OSt

005 - DATE AND TIME OF LATEST TRANSACTION

  • control field: 20160625121305.0

008 - FIXED-LENGTH DATA ELEMENTS

  • fixed length control field: 160625|| aca||aabn | a|a d

040 ## - CATALOGING SOURCE

  • Original cataloging agency: OSt
  • Transcribing agency: OSt

100 ## - HEADING--PERSONAL NAME

  • Personal name: OK A Dr. Milind M

670 ## - SOURCE DATA FOUND

  • Source citation: Work cat.: (OSt): OK A Dr. Milind M, Business Applications of Computers